Normal view MARC view
  • Canfield J; Hansen M & Bharadia R

Entry Personal Name

Number of records used in: 1

001 - CONTROL NUMBER

  • control field: 117330

003 - CONTROL NUMBER IDENTIFIER

  • control field: OSt

005 - DATE AND TIME OF LATEST TRANSACTION

  • control field: 20230125045357.0

008 - FIXED-LENGTH DATA ELEMENTS

  • fixed length control field: 230125|| aca||aabn | a|a d

040 ## - CATALOGING SOURCE

  • Original cataloging agency: OSt
  • Transcribing agency: OSt

100 ## - HEADING--PERSONAL NAME

  • Personal name: Canfield J; Hansen M & Bharadia R

670 ## - SOURCE DATA FOUND

  • Source citation: Work cat.: (OSt)95095: Canfield J, Chicken Soup For The Soul: Indian Mothers., 2010